| 000 | 00861nam a22003017a 4500 | ||
|---|---|---|---|
| 001 | 5024 | ||
| 003 | FISKH | ||
| 005 | 20241101093922.0 | ||
| 008 | 241101b cb ||||| |||| 00| 0 eng d | ||
| 020 | _a9780448419961 | ||
| 040 |
_aFISKH _beng _cFISKH _dFISKH |
||
| 050 | _aPZ8.H7577 | ||
| 082 | _a464 | ||
| 100 |
_aHood, Susan _d(1954–) |
||
| 245 |
_aBad hair day / _cby Susan Hood illustrated by Joy Allen |
||
| 250 | _a1999 | ||
| 260 |
_aNew York : _bPenguin, _c1999. |
||
| 300 |
_a32 pages : _bColor illustrations ; _c23 cm |
||
| 505 | _aE | ||
| 520 | _aOn the way to get a hair cut, a child sees others with not-so-perfect hair. | ||
| 521 | 8 |
_a280L
_bLexile |
|
| 521 | 8 |
_aE
_bRaz-Plus |
|
| 650 |
_2Easy reader _aFiction |
||
| 650 |
_2Early reader _aHaircuts |
||
| 700 |
_aAllen, Joy _dIllustrator |
||
| 942 |
_2ddc _cBK _n0 |
||
| 999 |
_c5024 _d5024 |
||